000 02422nam a22002537a 4500
005 20260226153131.0
008 260226b ||||| |||| 00| 0 eng d
020 _a9781423423799 (V.4)
020 _a9781423400233 (V.4)
040 _aCO-BoUCM
_bspa
_cSandra Palacio
_dSandra Palacio
041 _aeng
245 _aThe singer's musical theatre anthology
_bsoprano. Volumen 4
_cCompiled and edited by Richard Walters
260 _aMilwaukee
_bHal Leonard
_c2005
300 _aPartituras, 184 páginas
505 _rA continuación se listan los musicales (en letra mayúscula sostenida) con sus respectivas canciones (en letra minúscula): BEAUTY AND THE BEAST Home THE BOY FRIEND I Could Be Happy with You THE BOY FRIEND It’s Nicer in Nice BYE BYE BIRDIE How Lovely to Be a Woman BYE BYE BIRDIE One Boy CINDERELLA A Lovely Night A DATE WITH JUDY (film) It’s a Most Unusual Day A DAY IN HOLLYWOOD/A NIGHT IN THE UKRAINE Nelson DRAT! THE CAT! I Like Him FANNY I Have to Tell You FLORA, THE RED MENACE A Quiet Thing A FUNNY THING HAPPENED ON THE WAY TO THE FORUM Lovely INTO THE WOODS On the Steps of the Palace INTO THE WOODS Children Will Listen THE KING AND I I Have Dreamed THE KING AND I We Kiss in a Shadow THE LIGHT IN THE PIAZZA The Light in the Piazza MAN OF LA MANCHA What Does He Want of Me MONTY PYTHON'S SPAMALOT The Song that Goes Like This MUSIC IN THE AIR The Song Is You MYTHS AND HYMNS Migratory V THE NEW MOON Lover, Come Back to Me 110 IN THE SHADE Love, Don’t Turn Away ONE TOUCH OF VENUS Speak Low PAL JOEY Bewitched PHANTOM Home PINS AND NEEDLES Nobody Makes a Pass at Me PLAIN AND FANCY I’ll Show Him RAGS Children of the Wind RAGTIME Your Daddy’s Son ROBERTA Yesterdays 1776 He Plays the Violin SHE LOVES ME Vanilla Ice Cream SHOW BOAT Make Believe SHOW BOAT Why Do I Love You? SIMPLE SIMON He Was Too Good to Me ST. LOUIS WOMAN I Wonder What Became of Me SWEET ADELINE Why Was I Born? URINETOWN Follow Your Heart WONDERFUL TOWN A Little Bit in Love
650 0 _aMusicales
_998481
650 0 _aMusicales
_vExtractos
_vPartituras vocales con piano
_9176704
650 0 _aCanciones sacras (voces soprano)
_9188189
650 0 _aMúsica
_919976
653 _aCanciones (voz soprano) con piano
700 _aWalters, Richard
_ecompilador
_eeditor
_9188185
942 _2DEWEY
_a17
_cLIBRO
_e1
_h782.14
_mS617sop
999 _c326144
_d326144